Score 0/55 Timer 08:00
0 Plays Today
Actor Character % Correct
Bethany Jay LenzHaley James Scott
99.1%
Sophia BushBrooke Baker (nee Davis)
98.7%
James LaffertyNathan Scott
98.5%
Lee NorrisMarvin 'Mouth' McFadden
98.5%
Chad Michael MurrayLucas Scott
95.8%
Hilarie BurtonPeyton Scott (nee Sawyer)
95.6%
Paul JohanssonDan Scott
95.1%
Jackson BrundageJamie Scott
92.9%
Barry CorbinBrian 'Whitey' Durham
92.6%
Barbara Alyn WoodsDeb Lee (previosuly Scott)
92.5%
Antwon TannerAntwon 'Skills' Taylor
92.5%
Lisa Goldstein KirschMillicent Huxtable
91.8%
Moira KellyKaren Roe
89.5%
Stephen CollettiChase Adams
87.5%
Shantel vanSantenQuinn James
85.6%
Robert BuckleyClayton 'Clay' Evans
82.6%
Austin NichollsJulian Baker
81.8%
Craig ShefferKeith Scott
79.9%
Jana KramerAlex Dupre
79.4%
Kate VoegeleMia Catalano
78.8%
Danneel AcklesRachel Gattina
77.4%
Daphne ZunigaVictoria Davis
77.2%
Bevin PrinceBevin Mirskey
67%
Tyler HiltonChris Keller
65.9%
Brett ClaywellTim Smith
65.7%
Bryan GreenbergJake Jagelski
60.7%
Cullen MossJonathan 'Junk' Moretti
60.4%
Colin FickesJimmy Edwards
57.9%
Actor Character % Correct
Vaughn WilsonFerguson 'Fergie' Thompson
56.1%
Michael MayChuck Scolnik
53.4%
Torrey DeVittoNanny Carrie
52.1%
Michael TruccoCooper Lee
50.7%
Bess ArmstrongLydia James
49.4%
Daniella AlonsoAnna Taggaro
46.6%
Robbie JonesQuentin 'Q' Fields
46%
Allison MunnLauren
45.3%
Kieren HutchisonAndy Hargrove
45.1%
Joe ManganielloOwen Morello
42.7%
Kelsey ChowGiGi Silveri
42.6%
Michaela McManusLindsey Strauss
42.3%
Ashley RickardsSamantha Walker
39.7%
Matt BarrIan Banks aka Derek Sommers
37.8%
Lindsey McKeonTaylor James
36.6%
Michael CoponFelix Taggaro
36.1%
Sheryl LeeElizabeth 'Ellie' Harp
34.8%
Maria MenounosEmily Chambers aka Jules
34.6%
Emmanuelle VaugierNicki
32.5%
Elisabeth HarnoisShelley Simon
32.4%
Evan PetersJohn 'Jack' Daniels
32.4%
Amanda SchullKatie Ryan aka Sara Evans
27.9%
Mitch RyanAlexander Coyne
26.1%
Burgess JenkinsBobby Irons
25.8%
Katherine LandryMadison
23.3%
India de BeaufortMiranda Stone
21%
Gregory HarrisonPaul Norris
15.3%

You're not logged in!

Compare scores with friends on all Sporcle quizzes.
OR
Log In

Sporcle TV

Today on Sporcle TV


Watch our educational content, quiz creation guides, and fun videos on Sporcle TV.

Show Comments

Extras

Top Quizzes Today


Score Distribution

Paid Content

Your Account Isn't Verified!

In order to create a playlist on Sporcle, you need to verify the email address you used during registration. Go to your Sporcle Settings to finish the process.

Report this User

Report this user for behavior that violates our Community Guidelines.

Details: